Conditional variance swaps

Znaky a princípy podmienených variance swapov, ich oceňovanie a použitie. Bariérové swapy fungujúce v rámci podobných podmienok ale zahrňujúce ďalšie podmienky, ktoré poukazujú na užší význam tohto inštrumentu.

Salvato in:
Dettagli Bibliografici
Autore principale: Žoldáková, Natália, 1985-
Natura: Capitolo di libro
Lingua:inglese
Soggetti:
Tags: Aggiungi Tag
Nessun Tag, puoi essere il primo ad aggiungerne!!

MARC

LEADER 00000nla$a2200000$$$4500
001 0127820
005 20240502072445.9
041 0 |a eng 
044 |a SK 
245 1 0 |a Conditional variance swaps  |c Natália Žoldáková 
520 |a Znaky a princípy podmienených variance swapov, ich oceňovanie a použitie. Bariérové swapy fungujúce v rámci podobných podmienok ale zahrňujúce ďalšie podmienky, ktoré poukazujú na užší význam tohto inštrumentu. 
610 2 0 |a trh finančný 
610 2 0 |a trh burzový 
610 2 0 |a obchody burzové 
610 2 0 |a burzy opčné 
610 2 0 |a deriváty 
610 2 0 |a papiere cenné 
610 2 0 |a opcie 
610 2 0 |a oceňovanie 
100 1 |a Žoldáková, Natália, 1985-